| 000 | 00661nam a22001937a 4500 | ||
|---|---|---|---|
| 005 | 20171122150810.0 | ||
| 010 | _aENG-121567 | ||
| 020 |
_a9789325984233 _c375.00 |
||
| 035 | _aEN-105099 | ||
| 037 | _bDBAD/PUB | ||
| 082 | _a621.3192 | ||
| 100 | _aSalivahanan, S | ||
| 245 |
_aNetwork analysis and synthesis / _cby S Salivahanan [and] s Pravin Kumar _bfor third semester of electronics engineering and allied course of uptu / |
||
| 260 |
_aNoida _bVikas Publishing House _c2015 |
||
| 270 |
_aE-28, Sector-8, _bNoida(UP) _e201301 |
||
| 300 |
_axi,546p. : _c25cm(pbk) _bill. |
||
| 700 | _aKumar, S.Pravin | ||
| 942 |
_2ddc _cEN _h621.3192 _mSAL |
||
| 999 |
_c147676 _d147676 |
||